| 000 | 01183nam0a22002531 4500 | ||
|---|---|---|---|
| 001 | rc\3484341 | ||
| 005 | 20250610011308.0 | ||
| 035 | _a(NLR Aleph) 007603667 | ||
| 090 |
_a5741716 _c5741716 |
||
| 100 | _a20130115d1972 |||y0rusy50 ca | ||
| 101 | 0 | _arus | |
| 102 | _aRU | ||
| 105 | _aa z ||||| | ||
| 200 | 1 |
_aДвигательные установки с жидкостными ракетными двигателями беспилотных летательных аппаратов _e[Учеб. пособие] _fМ-во высш. и сред. спец. образ. СССР. Моск. ордена Ленина авиац. ин-т им. С. Орджоникидзе |
|
| 210 |
_aМосква _cБ. и. _d1972 |
||
| 215 |
_a231 с. _cил. _d20 |
||
| 320 | _aБиблиогр.: с. 229 | ||
| 333 | _aДля служебного пользования. Экз. № 3 | ||
| 700 | 1 |
_4070 _7ca _8rus _aНовиков _bВ. Н. _cканд. техн. наук, летат. аппараты _f1930- _gВладимир Николаевич _9243955 _3RU\NLR\AUTH\770244011 |
|
| 801 | 0 |
_aRU _bNLR _gpsbo |
|
| 801 | 1 |
_aRU _bELAR _2rusmarc |
|
| 852 |
_aNLR _j72-50к/1439 |
||
| 942 | _cBOOK | ||
| 980 | _aNB | ||